000 00664nam a2200217 a 4500
005 20210219153304.0
008 991125n 000 0 u
035 _aUPN01000088783
222 _aEDUCATIONAL RESEARCHER
245 _aA narrative of enhanced professionalism : educational researchers and popular storybooks about schoolpeople
300 _a15-24
362 _a21, No. 8, 1992
505 _aOctubre 1993
653 0 _aAUTONOMIA PROFESIONAL
653 0 _aINVESTIGACION EN CIENCIAS SOCIALES
653 0 _aINVESTIGADORES EDUCATIVOS
653 0 _aPERSONAL ESCOLAR
653 0 _aRELATO DEL CUENTO
904 _aAC
_b026594
905 _aArticulo
999 _c73183
_d73183